A casa da poesia (Registo nº 592)

Detalhes MARC
000 -Etiqueta do registo
Cabeçalho 00701nam0a2200253 4500
005 - Identificador da versão
Campo de controlo 20240813121807.0
010 ## - Número internacional normalizado dos livros (ISBN)
Número (ISBN) 9727103561
021 ## - Número do Depósito Legal
Código do país PT
Número 202124/03
100 ## - Dados gerais de processamento
Dados gerais de processamento 20160303d2003 c y0pory5003 ba
102 ## - Pais de publicação ou produção
País de publicação Portugal
101 0# - Língua de publicação
Língua do texto, banda sonora, etc. Português
215 ## - Descrição física 
Indicação específica da natureza do documento e extensão da espécie [32] p.
Outras indicações físicas il. color
200 1# - Titulo e menção de responsabilidade
Título próprio A casa da poesia
Primeira menção de responsabilidade José Jorge Letria
Outras menções de responsabilidade il. Rui Castro
205 ## - Menção da edição
Menção da edição 1ª ed
210 ## - Publicação, Distribuição, etc. 
Lugar da edição, distribuição, etc. Lisboa
Nome do editor, distribuidor, etc. Terramar
Data da publicação, distribuição, etc. 2003
606 ## - Nome comum usado como assunto
Número de registo de entrada de autoridade 0002007
Palavra de ordem Literatura portuguesa
Subdivisão de assunto Poesia
Código do sistema CA
675 ## - Classificação Decimal Universal (CDU)
Notação 821.134.3-1
Edição 3ª ed.
Língua da edição por
702 #1 - Nome de autor-pessoa física (responsabilidade secundária)
Número de registo de entrada de autoridade 0002681
Palavra de ordem Castro
Outra parte do nome não tomada para palavra de ordem Rui
Código de função Ilustrador / Técnico de desenho computorizado
700 #1 - Nome de autor-pessoa física (responsabilidade principal)
Número de registo de entrada de autoridade 0000712
Palavra de ordem Letria
Outra parte do nome não tomada para palavra de ordem José Jorge
Datas 1951-
966 ## - Identificação da Biblioteca
Sigla EB2,3ENM
942 ## - Elementos de entrada adicionados (Koha)
Tipo de item no Koha Livro
Exemplares
Situação do levantamento Origin of item (home branch) (coded) Biblioteca de empréstimo Código de barras Cota Circulation type (not for loan) Tipo de documento Nota do exemplar Damaged status
  Biblioteca Escolar Eng. Nuno Mergulhão Biblioteca Escolar Eng. Nuno Mergulhão BENM1142 82LP-1 LET   Livro Sem mensagem